ბათუმის შოთა რუსთაველის სახელმწიფო უნივერსიტეტის ბიბლიოთეკა

შესავალი იურიდიულ სპეციალობაში / (ბიბ.ჩანაწერი № 59504)

000 -ლიდერი
ფიქსირებული სიგრძის საკონტროლო ველი 01827nam a22002417a 4500
003 - საკონტროლო ნომრის იდენტიფიკატორი
საკონტროლო ველი Ge_BSU
005 - ბოლო ოპერაციის თარიღი და დრო
საკონტროლო ველი 20230301164858.0
008 - ფიქსირებული სიგრძის მონაცემთა ელემენტები - ზოგადი ინფორმაცია
ფიქსირებული სიგრძის საკონტროლო ველი 230301s2001 ge ||||| |||| 00| 0 geo d
020 ## - წიგნის საერთაშორისო სტანდარტული ნომერი
International Standard Book Number 9992849061
041 ## - ენის კოდი
Language code of text/sound track or separate title geo
080 ## - უნივერსალური ათობითი კლასიფიკაციის ინდექსი
Universal Decimal Classification number 34.01(042.4) შ-15
100 ## - მთავარი ჩანაწერი - პიროვნების სახელი
Personal name შავაძე, პაატა
9 (RLIN) 17098
245 ## - ცნობა სათაურის შესახებ
Title შესავალი იურიდიულ სპეციალობაში /
Statement of responsibility, etc პაატა შავაძე; რედაქტორი აპოლონ ფალიაშვილი; ბათუმის სამართლის ინსტიტუტის სამართლის თეორიის, კონსტიტუციური სამართლისა და ისტორიის კათედრა.
264 ## - წარმოების, გამოცემის, დისტრიბუციის და სხვა ცნობები
გამოცემის, წარმოების, დისტრიბუციის... ადგილი ბათუმი :
გამოცემის, წარმოების, დისტრიბუციის... სახელწოდება იურიდიული ლიტერატურა,
გამოცემის, წარმოების, დისტრიბუციის... თარიღი 2001.
300 ## - ფიზიკური აღწერა
Extent 96 გვ. ;
Other physical details 20 სმ.
500 ## - ზოგადი შენიშვნა
General note ეძღვნება ბათუმის სახელმწიფო უნივერსიტეტის 60 წლის საიუბილეო თარიღს.
504 ## - BIBLIOGRAPHY, ETC. NOTE
Bibliography, etc ბიბლიოგრაფია ტექსტის შენიშვნებში.
520 ## - SUMMARY, ETC.
Summary, etc რეზიუმე ინგლისურ ენაზე.
653 ## - INDEX TERM--UNCONTROLLED
Uncontrolled term იურიდიული მეცნიერების შესავალი
700 ## - ADDED ENTRY--PERSONAL NAME
Personal name ფალიაშვილი, აპოლონ
Relator term რედაქტორი
9 (RLIN) 17099
710 ## - ADDED ENTRY--CORPORATE NAME
Corporate name or jurisdiction name as entry element ბათუმის სამართლის ინსტიტუტი.
Subordinate unit სამართლის თეორიის, კონსტიტუციური სამართლისა და ისტორიის კათედრა.
9 (RLIN) 17100
942 ## - ADDED ENTRY ELEMENTS (KOHA)
Source of classification or shelving scheme
Koha item type წიგნი
ეგზემპლარები
ჩამოწერის სტატუსი დაკარგული ეგზემპლარის სტატუსი კლასიფიკაციის წყარო ან თაროზე გაწყობის სქემა დაზიანების სტატუსი არ გაიცემა მუდმივი მდებარეობა (დაცვის ადგილი) ამჟამინდელი ადგილსამყოფელი თაროზე განთავსების ადგილი შეძენის თარიღი ღირებულება, შესყიდვის ნორმალური ფასი სრული შენახვის შიფრი შტრიხკოდი ბოლო ოპერაციის თარიღი ეგზემპლარის მიმდევრობითი ნომერი (კეტერი?) ფასის ძალაში შესვლის თარიღი ეგზემპლარის სახეობა საჯარო შენიშვნა
          ბათუმის შოთა რუსთაველის სახელმწიფო უნივერსიტეტის მთავარი ბიბლიოთეკა ბათუმის შოთა რუსთაველის სახელმწიფო უნივერსიტეტის მთავარი ბიბლიოთეკა წიგნსაცავი 2023-03-01 4.00 34.01(042.4) შ-15 63894 2023-03-01 63894 2023-03-01 წიგნი 4 ლ.
          ბათუმის შოთა რუსთაველის სახელმწიფო უნივერსიტეტის მთავარი ბიბლიოთეკა ბათუმის შოთა რუსთაველის სახელმწიფო უნივერსიტეტის მთავარი ბიბლიოთეკა წიგნსაცავი 2023-03-01 4.00 34.01(042.4) შ-15 63895 2023-03-01 63895 2023-03-01 წიგნი 4 ლ.